00637 2200241 4500001002100000005001500021035002000036245004900056100002600105250001000131006001800141007000300159008004100162264003400203336002100237337003000258338002300288082001000311084001600321020002200337650001400359990002200373INLIS00000000001331320260602080819 a0010-07250000721 aKiat Ampuh Bertanam Jahe Merah /cFeri Anwar0 aFeri AnwarePengarang aCet.1a ta260602 0 ind  aYogyakarta.; :bPALAPA,c2016 2rdacontentateks 2rdamediaatanpa perantara 2rdacarrieravolume a633.8 a633.8 FER k a978-602-6348-21-0 4aBudi Daya a29.923/B/DPK/2018